000 01098nam a2200373 a 4500
003 AR-BaBNM
005 20251128205856.0
008 082120s2002 ||||||||||||||000 | spa||
020 _a84-7738-507-6
040 _cAR-BaBNM
100 1 _aD'Amore, Bruno
245 0 0 _aProblemas
_bpedagogía y psicología de la matemática en la actividad de resolución de problemas
260 _aMadrid
_bSíntesis
_c1997
300 _a238 p.
_bgráfs., tablas
504 _aBibliografía: p. 229-238
610 2 4 _aGrupo de Investigación en Didáctica de la Matemática [Bolonia]
650 4 _aMATEMATICA
650 4 _aPEDAGOGIA
650 4 _aPSICOLOGIA DE LA EDUCACION
650 4 _aAPRENDIZAJE
650 4 _aENSEÑANZA DE LAS MATEMATICAS
650 4 _aSOLUCION DE PROBLEMAS
650 4 _aMODELOS MATEMATICOS
650 4 _aLENGUAJE
650 4 _aACTIVIDADES DE APRENDIZAJE
650 4 _aMOTIVACION
650 4 _aINTUICION
650 4 _aJUVENTUD
651 4 _aItalia
653 _aMETACOGNICION
700 1 _aVecino Rubio, Francisco
_etraductor
942 _cBK
998 _carturo
999 _c13112
_d13112